Responses for show #8082 - Tuesday, October 29, 2019

Steve Moulds game 2.

Contestants

[<< previous game]

Anthony Giordano, a plumber from Walpole, Massachusetts

Kari Bale, a stay-at-home mom from San Jose, California

Steve Moulds, a playwright from Louisville, Kentucky (whose 1-day cash winnings total $21,201)

[next game >>]

Jeopardy! Round responses

A STAR-SPANGLED BANNER LYRICAL QUIZ
GARGOYLES
BOOK NUMBERS
TONS OF FUN
COASTLINES
IDIOMS DELIGHT
    $200 13
rockets

Anthony
    $200 21
a downspout (waterspout)

Anthony
    $200 6
Zero

Steve!
    $200 26
dinosaurs

Anthony
    $200 11
(Kari: What is Argentina?)

Brazil

Steve!Kari
    $200 1
rocker

Steve!
    $400 17
trust

Steve!
    $400 22
The Hunchback of Notre Dame

Kari
    $400 7
7

Steve!
    $400 27
the Liberty Bell

Anthony
    $400 12
(Steve: What is Maine?)

Oregon

Steve!Kari
    $400 2
as the crow flies

Steve!
    $600 18
Fort McHenry

Kari
    $600 23
lions

Kari
    $600 8
100

Steve!
    $600 28
a sinker

Triple Stumper
    $600 14
Vietnam

Anthony
    $600 3
a grain of salt

Steve!
    $800 19
dawn's early light

Anthony
    $800 24
Alien

Triple Stumper
    $800 9
600

Anthony
    $3,000 29
Cleopatra

Anthony
    $800 15
Eritrea

Steve!
    $800 4
(Alex: Yeah. They're cute, aren't they?)
[Laughter]

a dog and pony show

Kari
    $1000 20
the land of the free

Triple Stumper
    $1000 25
the Chrysler Building

Anthony
    $1000 10
206

Anthony
    $1000 30
the QE2

Triple Stumper
    $1000 16
Belize

Anthony
    $1000 5
Cain

Kari

Scores at the first commercial break (after clue 15):

Steve! Kari Anthony
$3,000 $2,000 $2,600

Scores at the end of the Jeopardy! Round:

Steve! Kari Anthony
$3,400 $3,600 $9,200

Double Jeopardy! Round responses

ELEMENTAL ETYMOLOGY
TV
TAKE "TEN"
GRANT
WOOD
AMERICAN GOTHIC
    $400 6
indigo

Anthony
    $400 2
John Oliver

Kari
    $400 15
a tenant

Anthony
    $400 16
Lee

Anthony
    $400 30
a 2x4

Steve!
    $400 22
a temple (synagogue)

Steve!
    $800 7
an asteroid

Triple Stumper
    $800 3
The Wire

Kari
    $800 14
ten pin

Steve!
    $800 17
Uncle Sam

Anthony
    $800 29
dry rot

Anthony
    $800 23
spontaneous combustion

Steve!
    $1200 8
thorium

Steve!
    $1200 4
Melrose Place

Kari
    $1200 13
Tennysonian

Steve!
    $1200 18
John Brown

Anthony
    $1200 28
a band saw

Anthony
    $1200 24
Trent Reznor

Triple Stumper
    $1600 9
radon

Anthony
    $1600 5
Tony Shalhoub

Steve!
    $1600 12
tenterhooks

Steve!
    $1600 19
(Anthony: What is Haiti?)

the Dominican

Steve!Anthony
    $1600 27
(Anthony: What are slats?)

staves

Anthony
Triple Stumper
    $1600 25
Bryn Mawr

Anthony
    $2000 10
gallium

Steve!
    $2000 1
Rick and Morty

Anthony
    $2000 11
tent maker

Triple Stumper
    $6,000 20
the Mexican-American War

Steve!
    $2000 26
(Steve: What is balsa?)

teak

Steve!
Triple Stumper
    $3,000 21
(Alex: Way to go.)
[Applause]
(Alex: It helps to be a playwright, doesn't it?)

Flannery O'Connor

Steve!

Scores at the end of the Double Jeopardy! Round:

Steve! Kari Anthony
$22,000 $6,000 $16,400

[wagering suggestions for these scores]

Final Jeopardy! Round responses

1950s CINEMA
KariWhat The Maltese Falcon?
$6,000
AnthonyWhat is Rear Window?
$16,399
Steve!What is Rear Window?
$10,801
Rear Window

Final scores:

Steve! Kari Anthony
$32,801 $0 $32,799
2-day champion: $54,002 3rd place: $1,000 2nd place: $2,000

Game dynamics:

Coryat scores:

Steve! Kari Anthony
$17,000 $6,000 $14,200
21 R
(including 2 DDs),
2 W
9 R,
1 W
21 R
(including 1 DD),
2 W

Combined Coryat: $37,200

The J! Archive is created by fans, for fans. The Jeopardy! game show and all elements thereof, including but not limited to copyright and trademark thereto, are the property of Jeopardy Productions, Inc. and are protected under law. This website is not affiliated with, sponsored by, or operated by Jeopardy Productions, Inc. Join the discussion at JBoard.tv.